• AIU
  • Tony Wilmot Memorial Library

Understanding key stakeholders' perceptions of informal schools in Kawangware, Nairobi (Record no. 320)

MARC details
000 -LEADER
fixed length control field 00971nam a22002291a 4500
020 ## - INTERNATIONAL STANDARD BOOK NUMBER
Terms of availability 0.00
040 ## - CATALOGING SOURCE
Original cataloging agency NEGST Library - Kenya
050 ## - LIBRARY OF CONGRESS CALL NUMBER
Classification number LC 5138.K46M38 2008
082 ## - DEWEY DECIMAL CLASSIFICATION NUMBER
Classification number LC 5138.K46M38 2008
100 ## - MAIN ENTRY--PERSONAL NAME
Personal name Mathuva, Daviel Mukiti
245 ## - TITLE STATEMENT
Title Understanding key stakeholders' perceptions of informal schools in Kawangware, Nairobi
Statement of responsibility, etc by Daniel Mukiti Mathuva.
Medium [Text]
260 ## - PUBLICATION, DISTRIBUTION, ETC. (IMPRINT)
Place of publication, distribution, etc Nairobi, Kenya.]
Name of publisher, distributor, etc [NEGST
Date of publication, distribution, etc 2008
300 ## - PHYSICAL DESCRIPTION
Extent ix, 57 p.
440 ## - SERIES STATEMENT/ADDED ENTRY--TITLE
Title Thesis (M.A.) Christian Education (Nairobi Evangelical Graduate School of Theology(Kenya)
500 ## - GENERAL NOTE
General note Includes bibliographical references. Thesis (M.A. Christian Education) - NEGST, Nairobi (Africana).
600 ## - SUBJECT ADDED ENTRY--PERSONAL NAME
Personal name Church work with children - Kenya - Nairobi
600 ## - SUBJECT ADDED ENTRY--PERSONAL NAME
Personal name Slums - Kenya - Nairobi - Kawangware
600 ## - SUBJECT ADDED ENTRY--PERSONAL NAME
Personal name Urban schools - Kenya - Nairobi
852 ## - LOCATION/CALL NUMBER
-- 10.00
852 ## - LOCATION/CALL NUMBER
-- 10.00
942 00 - ADDED ENTRY ELEMENTS (KOHA)
Koha issues (borrowed), all copies 2
Holdings
Withdrawn status Lost status Source of classification or shelving scheme Damaged status Not for loan Collection code Home library Current library Shelving location Date acquired Cost, normal purchase price Total Checkouts Total Renewals Full call number Barcode Date last seen Date checked out Copy number Price effective from Koha item type Source of acquisition
    Library of Congress Classification     General Circulation AIU/NEGST - Tony Wilmot Memorial Library AIU/NEGST - Tony Wilmot Memorial Library General Stacks 06/05/2009 10.00 3 1 LC 5138.K46M38 2008 R41700K3232 09/02/2019 12/05/2013 2 06/05/2009 Africana collection (General)  
    Library of Congress Classification     Thesis AIU/NEGST - Tony Wilmot Memorial Library AIU/NEGST - Tony Wilmot Memorial Library Thesis in Reference 06/05/2009 10.00     THE LC 5138.K46M38 2008 R41699W3232 09/26/2019   1 06/05/2009 Africana collection ( Reference)  
    Library of Congress Classification     Thesis AIU/NEGST - Tony Wilmot Memorial Library AIU/NEGST - Tony Wilmot Memorial Library Cabinet 02/05/2015 2.00 2 1 PRO LC 5138.K46M38 2007 R32248X3232 09/02/2019 09/21/2018 3 02/05/2015 Proposal Donation